Брикетирование ТБО и их применение; Экология и безопасность в техносфере: современные проблемы и пути решения
| Parent link: | Экология и безопасность в техносфере: современные проблемы и пути решения.— 2016.— [С. 57-60] |
|---|---|
| Autor principal: | |
| Autor corporatiu: | |
| Altres autors: | |
| Sumari: | Заглавие с экрана В данной статье рассматривается проблема твердых бытовых отходов, а также ее особенности. Представлено решение проблемы ТБО с помощью брикетирования и использования его в качестве источника топлива в различных видах промышленности. Рассмотрены основные особенности метода брикетирования ТБО. This article deals with the problem of solid waste, as well as its features. The solution of the problem of solid waste using brike5tirovaniya and use it as a fuel source in a variety of industries. The main features of the method of solid waste briquetting. |
| Idioma: | rus |
| Publicat: |
2016
|
| Col·lecció: | Экологические основы прогрессивных технологий |
| Matèries: | |
| Accés en línia: | http://earchive.tpu.ru/handle/11683/35351 |
| Format: | MixedMaterials Electrònic Capítol de llibre |
| KOHA link: | https://koha.lib.tpu.ru/cgi-bin/koha/opac-detail.pl?biblionumber=621058 |
MARC
| LEADER | 00000naa2a2200000 4500 | ||
|---|---|---|---|
| 001 | 621058 | ||
| 005 | 20231102023904.0 | ||
| 035 | |a (RuTPU)RU\TPU\conf\19623 | ||
| 035 | |a RU\TPU\conf\19622 | ||
| 090 | |a 621058 | ||
| 100 | |a 20161123d2016 k y0rusy50 ca | ||
| 101 | 0 | |a rus | |
| 102 | |a RU | ||
| 105 | |a y z 101zy | ||
| 135 | |a drcn ---uucaa | ||
| 181 | 0 | |a i | |
| 182 | 0 | |a b | |
| 200 | 1 | |a Брикетирование ТБО и их применение |f А. А. Актанбаева |g науч. рук. С. Н. Федосеев | |
| 203 | |a Текст |c электронный | ||
| 225 | 1 | |a Экологические основы прогрессивных технологий | |
| 230 | |a 1 компьютерный файл (pdf; 270 Кb) | ||
| 300 | |a Заглавие с экрана | ||
| 320 | |a [Библиогр.: с. 60 (4 назв.)] | ||
| 330 | |a В данной статье рассматривается проблема твердых бытовых отходов, а также ее особенности. Представлено решение проблемы ТБО с помощью брикетирования и использования его в качестве источника топлива в различных видах промышленности. Рассмотрены основные особенности метода брикетирования ТБО. | ||
| 330 | |a This article deals with the problem of solid waste, as well as its features. The solution of the problem of solid waste using brike5tirovaniya and use it as a fuel source in a variety of industries. The main features of the method of solid waste briquetting. | ||
| 463 | 0 | |0 (RuTPU)RU\TPU\conf\19571 |t Экология и безопасность в техносфере: современные проблемы и пути решения |o сборник трудов Всероссийской научно-практической конференции, г. Юрга, 17-19 ноября 2016 г. |f Национальный исследовательский Томский политехнический университет (ТПУ), Юргинский технологический институт (ЮТИ) ; под ред. Д. А. Чинахова [и др.] |v [С. 57-60] |d 2016 | |
| 610 | 1 | |a труды учёных ТПУ | |
| 610 | 1 | |a электронный ресурс | |
| 610 | 1 | |a брикетирование | |
| 610 | 1 | |a твердые бытовые отходы | |
| 610 | 1 | |a ТБО | |
| 610 | 1 | |a топливо | |
| 700 | 1 | |a Актанбаева |b А. А. | |
| 702 | 1 | |a Федосеев |b С. Н. |c специалист в области машиностроения |c ассистент Юргинского технологического института (филиала) Томского политехнического университета |f 1989- |g Сергей Николаевич |2 stltpush |4 727 |9 14949 | |
| 712 | 0 | 2 | |a Национальный исследовательский Томский политехнический университет (ТПУ) |b Юргинский технологический институт (филиал) (ЮТИ) |b Кафедра металлургии и черных металлов (МЧМ) |h 7136 |2 stltpush |3 (RuTPU)RU\TPU\col\18892 |
| 801 | 2 | |a RU |b 63413507 |c 20161216 |g RCR | |
| 856 | 4 | |u http://earchive.tpu.ru/handle/11683/35351 | |
| 942 | |c BK | ||